群馬県の市町村(1968年) - Statistics

General Stats
  • This quiz has been taken 28 times
  • The average score is 31 of 70
Answer Stats
コード 市町村 備考 % Correct
10201 前橋市
100%
10202 高崎市
93%
10203 桐生市
86%
10204 伊勢崎市
86%
10207 館林市
86%
10205 太田市
79%
10206 沼田市
79%
10208 渋川市
79%
10211 安中市
79%
10209 藤岡市
71%
10210 富岡市
57%
10421 吾妻郡中之条町
50%
10423 吾妻郡吾妻町 2006年消滅
50%
10424 吾妻郡長野原町
50%
10425 吾妻郡嬬恋村
50%
10426 吾妻郡草津町
50%
10522 邑楽郡明和村 1998年昇格
50%
10523 邑楽郡千代田村 1982年昇格
50%
10524 邑楽郡大泉町
50%
10525 邑楽郡邑楽町
50%
10366 多野郡上野村
43%
10401 碓氷郡松井田町 2006年消滅
43%
10442 利根郡利根村 2005年消滅
43%
10443 利根郡片品村
43%
10444 利根郡川場村
43%
10445 利根郡月夜野町 2005年消滅
43%
10446 利根郡水上町 2005年消滅
43%
10464 佐波郡玉村町
43%
10482 新田郡新田町 2005年消滅
43%
10483 新田郡藪塚本町 2005年消滅
43%
10521 邑楽郡板倉町
43%
10302 勢多郡赤城村 2006年消滅
36%
10303 勢多郡富士見村 2009年消滅
36%
10304 勢多郡大胡町 2004年消滅
36%
10305 勢多郡宮城村 2004年消滅
36%
10308 勢多郡黒保根村 2005年消滅
36%
10309 勢多郡東村 2006年消滅
36%
10321 群馬郡榛名町 2006年消滅
36%
10322 群馬郡倉淵村 1996年改称
36%
10324 群馬郡群馬町 2006年消滅
36%
10343 北群馬郡伊香保町 2006年消滅
36%
10344 北群馬郡榛東村
36%
10345 北群馬郡吉岡村 1991年昇格
36%
10361 多野郡新町 2006年消滅
36%
10362 多野郡鬼石町 2006年消滅
36%
10364 多野郡万場町 2003年消滅
36%
10365 多野郡中里村 2003年消滅
36%
10381 甘楽郡妙義町 2006年消滅
36%
10382 甘楽郡下仁田町
36%
10383 甘楽郡南牧村
36%
10384 甘楽郡甘楽町
36%
10422 吾妻郡東村 2006年消滅
36%
10427 吾妻郡六合村 2010年消滅
36%
10428 吾妻郡高山村
36%
10441 利根郡白沢村 2005年消滅
36%
10448 利根郡昭和村
36%
10462 佐波郡東村 2005年消滅
36%
10463 佐波郡境町 2005年消滅
36%
10481 新田郡尾島町 2005年消滅
36%
10501 山田郡大間々町 2006年消滅
36%
10301 勢多郡北橘村 2006年消滅
29%
10306 勢多郡粕川村 2004年消滅
29%
10307 勢多郡新里村 2005年消滅
29%
10323 群馬郡箕郷町 2006年消滅
29%
10341 北群馬郡子持村 2006年消滅
29%
10342 北群馬郡小野上村 2006年消滅
29%
10363 多野郡吉井町 2009年消滅
29%
10447 利根郡新治村 2005年消滅
29%
10461 佐波郡赤堀村 1986年昇格
29%
10484 新田郡笠懸村 1990年昇格
29%
No matching quizzes found
Score Distribution
Percent of People with Each Score
Percentile by Number Answered
Your Score History
You have not taken this quiz